Normal view
MARC view
- الفكر الاسلامي-الاصلاح الديني-الاحوال الاجتماعية-المجتمعات الاسلامية-القيم الاخلاقية-الثقافة الاسلامية
Entry Topical Term
001 - CONTROL NUMBER
- control field: 63174
003 - CONTROL NUMBER IDENTIFIER
- control field: JO-AjAnu
005 - DATE AND TIME OF LATEST TRANSACTION
- control field: 20230606084320.0
008 - FIXED-LENGTH DATA ELEMENTS
- fixed length control field: 230606|| aca||aabn | a|a d
040 ## - CATALOGING SOURCE
- Original cataloging agency: JO-AjAnu
- Transcribing agency: JO-AjAnu
150 ## - HEADING--TOPICAL TERM
- Topical term or geographic name entry element: الفكر الاسلامي-الاصلاح الديني-الاحوال الاجتماعية-المجتمعات الاسلامية-القيم الاخلاقية-الثقافة الاسلامية
670 ## - SOURCE DATA FOUND
- Source citation: Work cat.: (JO-AjAnu)32209: الحسني، سارة بنت محمد صالح, author 63173, جهود الدكتور ماجد عرسان الكيلاني- رحمه الله- في خدمة الثقافة الاسلامية